Every Demonym for Asian Countries - Statistics

General Stats
  • This quiz has been taken 14 times
    10 since last reset
  • The average score is 47 of 49
Answer Stats
Hint Answer % Correct
Afghanistan Afghan
100%
Armenia Armenian
100%
Azerbaijan Azerbaijani
100%
Bhutan Bhutanese
100%
China Chinese
100%
Georgia Georgian
100%
India Indian
100%
Indonesia Indonesian
100%
Iran Iranian
100%
Iraq Iraqi
100%
Japan Japanese
100%
Jordan Jordanian
100%
Kazakhstan Kazakhstani
100%
North Korea Korean
100%
South Korea Korean
100%
Kuwait Kuwaiti
100%
Kyrgyzstan Kyrgyzstani
100%
Laos Lao
100%
Lebanon Lebanese
100%
Mongolia Mongolian
100%
Myanmar Myanma
100%
Nepal Nepali
100%
Oman Omani
100%
Pakistan Pakistani
100%
Qatar Qatari
100%
Russia Russian
100%
Singapore Singaporean
100%
Sri Lanka Sri Lankan
100%
Syria Syrian
100%
Taiwan Taiwanese
100%
Tajikistan Tajikistani
100%
Thailand Thai
100%
Turkey Turkish
100%
Turkmenistan Turkmen
100%
Uzbekistan Uzbekistani
100%
Vietnam Vietnamese
100%
Yemen Yemeni
100%
Bahrain Bahraini
90%
Bangladesh Bangladeshi
90%
Cambodia Cambodian
90%
United Arab Emirates Emirati
90%
Philippines Filipino
90%
Israel Israeli
90%
Malaysia Malaysian
90%
Saudi Arabia Saudi
90%
Cyprus Cypriot
80%
Maldives Maldivian
80%
Brunei Bruneian
70%
Timor-Leste Timorese
20%
No matching quizzes found
Score Distribution
Percent of People with Each Score
Percentile by Number Answered
Your Score History
You have not taken this quiz since the last reset